000 00496nam a22001695i 4500
001 53125
003 ES-MaACL
007 t|
008 950908s1898 fr ||||1| fre d
040 _aCAM
_bspa
_cCAM
100 1 _aDucondray, Gustave.
_945846
245 1 0 _aHistoire contemporaine depuis 1789... /
_cpar Gustave Ducondray.
250 _a22e éd.
260 _aParis :
_bHachette et Cie.,
_c1898.
300 _aXV, 1226, [6] p. ;
_c18 cm.
852 _aES-MaACL
_jG-10334
999 _c53125
_d53125